Statistics for Capitals Closest to an Unknown World Capital by Picture #2

Click here to take the quiz!

General Stats

  • This quiz has been taken 51 times
  • The average score is 14 of 20

Answer Stats

Answer% Correct
London
100%
Paris
98%
Amsterdam
93%
Berlin
91%
Brussels
88%
Copenhagen
88%
Oslo
77%
Vienna
77%
Bern
72%
Monaco
72%
Vaduz
72%
Dublin
67%
Madrid
65%
Luxembourg
63%
San Marino
63%
Andorra la Vella
58%
Lisbon
56%
Prague
49%
Stockholm
49%
Reykjavik
40%

Score Distribution

Percentile by Number Answered

Percent of People with Each Score

Your Score History

You have not taken this quiz